Personnage Historique #2 - Statistiques

Statistiques générales
  • Ce quiz a été pris 176 fois
  • Le résultat moyen est 8 sur 16
Statistiques - réponses
Par images Réponse % Correct
Mahatma Gandhi
95%
Winston Churchill
89%
Victor Hugo
88%
Diego Maradona
87%
Jésus de Nazareth
79%
Léonard de Vinci
78%
Socrate
63%
Malcolm X
60%
Ray Charles
58%
Confucius
38%
Augusto Pinochet
29%
Arthur Schopenhauer
24%
Galilée
23%
Mansa Moussa
20%
Michel-Ange
10%
Piotr Ilitch Tchaïkovski
5%
Aucun quiz correspondant
Distribution des résultats
% des personnes avec chaque résultat
Percentile par nombre de réponses
Votre historique - résultats
Vous n’avez pas pris ce quiz